| Поле | Инд. | ПП | Название | Значение |
|---|---|---|---|---|
| Тип записи | a | |||
| Библиографический уровень | a | |||
| 001 | Контрольный номер | 276b00575c024cbda14a6ef2db786033 | ||
| 005 | Дата корректировки | 20170315160818.4 | ||
| 020 | a | ISBN | 5-02-008878-1 | |
| 040 | a | Служба первич. каталог. | НБ ТвГУ | |
| b | Код языка каталог. | rus | ||
| e | Правила каталог. | PSBO | ||
| 041 | 0_ | a | Код языка текста | rus |
| 097 | b | Оператор | novikova | |
| 100 | 1_ | a | Автор | Чернышева Ольга Васильевна |
| q | Полное имя | Чернышева О. В. | ||
| 245 | 10 | a | Заглавие | Шведы о русских. По материалам начала XX века (1900-1920) |
| 246 | 00 | a | Другая форма заглавия | По материалам начала XX века (1900-1920) |
| 260 | a | Место издания | Москва | |
| b | Издательство | Наука | ||
| 504 | a | Библиография | Библиогр.: с. 122-125 (105 назв.) | |
| 520 | 0_ | a | Аннотация | Проблема восприятия шведами России и русских интересовала и продолжает интересовать как отечественных, так и зарубежных (шведских) исследователей. |
| 653 | 0_ | a | Ключевые слова | Шведы, народ |
| a | Ключевые слова | Русские, народ | ||
| a | Ключевые слова | 1900-1920 гг. | ||
| a | Ключевые слова | 20 в. | ||
| a | Ключевые слова | Швеция, страна | ||
| a | Ключевые слова | Россия, страна | ||
| a | Ключевые слова | Стереотипы | ||
| 773 | 18 | w | Контрольный № источника | RU/IS/BASE/318428008 |
| t | Название источника | Северная Европа | ||
| d | Место и дата издания | Москва : Наука, 2003 | ||
| g | Прочая информация | Вып. 4. - С. 102-125 | ||
| 901 | t | Тип документа | a | |
| 920 | a | Оператор | Нови |